000 00380nam a2200157Ia 4500
008 160316s1998 xxu||||| |||| 00| 0 eng d
082 _a344.013400
_bBOS
100 _a
245 _aIn partnership for children
250 _a
260 _aBangalore
_bBOSCO
_c1998
300 _a28
_b
_c
365 _b
650 _a1. street children 2. children participation
700 _a
_a
999 _c33917
_d33917